000 00339nam a2200121Ia 4500
008 220204s9999 xx 000 0 und d
082 _a658.3
_bALE
100 _aAleem, M A
245 0 _aPersonnel management in government: A state in perspective
260 _aNew Delhi
_bOxford & IBH
_c1981
650 _aPersonnel management
942 _cBK
999 _c36499
_d36499